000 00602nam a2200217 a 4500
001 BRCA_7385
005 20190320205822.0
008 210313m19491950mx-#######---#000-0#spa-#
041 _aspa
044 _amx
050 4 _aHF5382
_b.G85 1949
245 1 0 _aGuía rotaria de profesiones y oficios
_cRotary Club de la Ciudad de México.
260 _aMéxico
_b[Cultura]
_c1949-1950
300 _a340 p.
500 _aQ90
650 1 4 _aProfesiones
_zMéxico
_918233
651 4 _aMéxico
_xOcupaciones
_910536
710 2 _aRotary Club de la Ciudad de México
_918234
902 _aGFM
942 _2lcc
_cB
999 _c7061
_d7061